000 00607pam a2200205 a 4500
005 20260504140325.0
008 260504s1988 njua b 001 0 eng
010 _a 88002318
020 _a978-0-13-325103-6
082 0 0 _a657
_bHOR-I
100 1 _aHorngren, Charles T.,
_aGary Sundem, John Elliott, Donna Philbrick
245 1 0 _aIntroduction to Financial Accounting
250 _a11th Ed
260 _aNew Jersey
_bPearson Education, Inc. A
_c2014
300 _a651 p.
500 _aIncludes index.
650 0 _aAccounting
906 _a7
_bcbc
_corignew
_d1
_eocip
_f19
_gy-gencatlg
942 _cBK
999 _c47498
_d47498